[Event "ARG-ch Najdorf Memorial"]
[Site "Buenos Aires"]
[Date "1999.11.21"]
[Round "3"]
[White "Hoffman, Alejandro"]
[Black "Spangenberg, Hugo"]
[Result "1-0"]
[WhiteElo "2524"]
[BlackElo "2531"]
[Annotator "Ribli,Z"]
[PlyCount "61"]
[EventDate "1999.11.19"]
[EventType "tourn"]
[EventRounds "13"]
[EventCountry "ARG"]
[EventCategory "9"]
[SourceTitle "CBM 074"]
[Source "ChessBase"]
[SourceDate "2000.02.01"]
[SourceVersion "1"]
[SourceVersionDate "2000.02.01"]
[SourceQuality "1"]

{[%mdl 2112]} 1. d4 d6 2. c4 e5 3. d5 {Dieser Zug wird selten gespielt, aber
er ist nicht schlechter als die Alternativen - 3.Nc3 oder 3.Nf3.} g6 (3... a5
4. Nc3 Na6 5. e4 Nc5 6. Be3 Be7 7. Nf3 Bg4 8. Bxc5 dxc5 9. Qa4+ Bd7 10. Qc2 Bf6
11. O-O-O Ne7 12. Ne1 O-O 13. Nd3 b6 14. g3 Nc8 15. a4 Nd6 16. b3 g6 17. h4 {
1-0 Avrukh,B-Tischbierek,R/Budapest 1996/CBM 56 (56)}) 4. e4 h5 {Schwarz
spielt nicht automatisch 5...Bg7, sondern möchte mit Bh6 seinen dunkelfarbigen
Läufer tauschen.} (4... Bg7 5. Bd3 Ne7 6. h4 $1 Nd7 7. Nc3 f5 $2 8. exf5 gxf5
9. Bxf5 $1 Nxf5 10. Qh5+ Kf8 11. Qxf5+ Kg8 12. Nge2 $1 {1-0 Tyomkin,
D-Czerwonski,A/EUCup final Belgrade 1999/CBM 69/[Tyomkin,D] (28)}) (4... a5 5.
Nc3 h5 6. Be3 Bh6 7. Qd2 Na6 8. Bd3 h4 9. O-O-O Bxe3 10. Qxe3 Nf6 11. f3 Qe7
12. Nge2 Qf8 13. g4 Qe7 14. h3 Nh7 15. f4 exf4 16. Nxf4 Nf6 17. e5 Qxe5 18. Qd2
Qd4 19. Nxg6 Rg8 20. Qe1+ Be6 21. dxe6 {1-0 Zsinka,L-Davies,N/Budapest 1987/
EXT 97 (21)}) 5. Nc3 Bh6 6. h4 {Weiss legt die Bauernstruktur am Königsflügel
fest und vermeidet die eventuelle schwarze Möglichkeit h5-h4 mit Raumgewinn.}
a5 {[%cal Gb8a6,Ga6c5] Schwarz bereitet das Manöver Na6-c5 vor.} 7. Nf3 Na6 {
[%cal Ga6c5]} 8. Be2 Nc5 9. g3 {[%cal Ge1f1,Gf1g2] Weiss bereitet den
Königsmarsch Kf1-g2 vor und der Bauernzug ist auch nützlich im Falle von f2-f4.
} Bd7 10. b3 {Ein typischer Zug. Im folgenden kann Weiss mit Rb1-a3-b4 den c5N
verjagen, während nach sofortigem 10.a3 der Zug 10...a4 möglich wäre 
(verstärkt durch den Springer auf c5) und der Punkt b3 wäre ein positionelles
Loch in der weißen Stellung.} Kf8 11. Kf1 Kg7 12. Kg2 $14 {Weiss hat
Raumvorteil, aber die schwarze Stellung ist fest - ohne Schwächen.  Ähnliche
Stellungen haben wir in der Bogoindische Verteidigung (nach 1.d4 Nf6 2.c4 e6 3.
Nf3 Bb4+).} Qb8 $6 {Diese Zug ist schwer zu verstehen. Die Dame geht weg vom
Königsflügel, was ist keineswegs logisch.} 13. Ng5 $36 f6 14. Be3 Kf8 (14...
fxg5 15. hxg5 $16 {[%csl Ge3,Rh6][%cal Rg5h6] Weiss gewinnt die Figur zurück
und er bekommt überlegenes Spiel auf den dunkelfarbigen Felden.}) 15. f4 $5 {
Eine kühne Konzeption. Weiss opfert - zeitweilig - eine Figur und öffnet die
Stellung am Königsflügel.} exf4 $6 {Mit diesem Tausch verstärkt Schwarz das
gegnerische Zentrum.} (15... fxg5 16. fxg5 Bg7 17. Rf1+ Ke8 (17... Ke7 18. Bxc5
dxc5 19. d6+ cxd6 20. Nd5+ Ke8 21. Nb6 Ra6 22. Qd5 $16 {[%csl Re8,Rg7,Rg8,Rh8]
[%cal Rd5f7,Rf7e8] Der schwarze König steht schlecht in der Mitte und seine
Figuren am Königsflügel sind auch sehr passiv.}) 18. Bxh5 $5 Ne7 (18... Rxh5
19. Qf3 {[%csl Re8,Rg7][%cal Rf1f7,Rf7e8,Rf7g7]} Bh3+ $5 {Schwarz gibt den
Läufer zurück und möchte die Dame ins Spiel bringen.} 20. Kxh3 Qc8+ 21. g4 Qd7
22. Bxc5 dxc5 23. d6 $1 cxd6 24. Nb5 $44) (18... gxh5 19. Qf3 $44 {[%csl Re8,
Rg7][%cal Rf1f7,Rf7e8,Rf7g7]}) 19. Qf3 Kd8 20. Bg4 $44 (20. Qf7 $44)) 16. gxf4
fxg5 17. fxg5 Bg7 18. Rf1+ {[%csl Gf1,Rf8][%cal Rf1f8]} Ke8 19. Bd4 {Weiss
muss den dunkelfarbige Läufer tauschen, wonach er mit der Dame in die schwarze
Stellung eindringen kann.} Be5 (19... Bxd4 20. Qxd4 {[%csl Gd4,Rh8][%cal Rd4h8]
} Rh7 21. e5 $40) 20. Bxe5 dxe5 21. Qe1 {[%cal Re1f2,Rf2c5,Rf1f8,Rf8e8]} Ne7 (
21... Qd8 22. Qf2 Qe7 23. d6 cxd6 (23... Qxd6 24. Qf7+ Kd8 25. Rad1 $18 {
[%csl Rd6,Rd8][%cal Rd1d8]}) 24. Nd5 Nxe4 25. Nc7+ Kd8 26. Qb6 $18 {[%csl Ra8,
Gb6,Gc7,Rd8]}) 22. Qf2 {[%csl Re8][%cal Rf1f7,Rf7e8,Rf2c5]} b6 23. Qf6 Rg8 24.
d6 $1 $16 Kd8 (24... cxd6 25. Nd5 Nxd5 26. Qf7+ (26. cxd5 $18 {[%csl Re8,Rg8]
[%cal Rf6f7,Rf7g8,Rf7e8]}) 26... Kd8 27. Qxg8+ $18) 25. dxe7+ Kc8 26. Qxe5 {
Weiss hat zwei gesunde Bauern mehr und Angriffsstellung.} Kb7 27. Nd5 {[%csl
Ge7][%cal Rd5f6,Rf6g8]} c6 28. Qxb8+ Raxb8 29. Nf6 $18 Rg7 30. Rad1 Kc7 (30...
Be8 31. Rd8 $18) 31. Rxd7+ {Schwarz gab in voellig hoffnungsloser Stellung auf.
} (31. Rxd7+ Nxd7 32. e8=Q Rxe8 33. Nxe8+ $18 {[%cal Re8c7,Re8g7]}) 1-0

[Event "Groningen"]
[Site "Groningen"]
[Date "1990.??.??"]
[Round "?"]
[White "Piket, Jeroen"]
[Black "Adams, Michael"]
[Result "1/2-1/2"]
[WhiteElo "2495"]
[BlackElo "2590"]
[Annotator "Ribli,Z"]
[PlyCount "34"]
[EventDate "1990.12.??"]
[EventType "tourn"]
[EventRounds "9"]
[EventCountry "NED"]
[EventCategory "13"]
[SourceTitle "CBM 021"]
[Source "ChessBase"]
[SourceDate "1991.04.01"]
[SourceVersion "1"]
[SourceVersionDate "1991.04.01"]
[SourceQuality "1"]

1. d4 d6 2. Nf3 Bg4 3. c4 Nd7 4. e4 e5 5. Be2 Be7 6. Nc3 Bxf3 7. Bxf3 Bg5 8.
Bxg5 Qxg5 9. O-O Qd8 10. dxe5 (10. Bg4 Ngf6 11. f4 O-O $10 {Dzindzichasvili,
R-Miles,A USA-ch 1989 CBM/19}) 10... dxe5 11. Qb3 Qc8 12. Rad1 Ngf6 13. Qa3 c6
14. Rd2 Qc7 15. Rfd1 Nf8 16. Qa4 N8d7 17. Qa3 Nf8 1/2-1/2

[Event "Hastings 9091"]
[Site "Hastings"]
[Date "1990.12.??"]
[Round "9"]
[White "Olafsson, Helgi"]
[Black "Kosten, Anthony C"]
[Result "1-0"]
[WhiteElo "2595"]
[BlackElo "2510"]
[Annotator "Ribli,Z"]
[PlyCount "133"]
[EventDate "1990.12.??"]
[EventType "tourn"]
[EventRounds "14"]
[EventCountry "ENG"]
[EventCategory "13"]
[SourceTitle "CBM 022"]
[Source "ChessBase"]
[SourceDate "1991.06.01"]
[SourceVersion "1"]
[SourceVersionDate "1991.06.01"]
[SourceQuality "1"]

1. Nf3 d6 2. d4 Bg4 3. c4 Nd7 4. Qb3 Rb8 5. g3 g6 6. Nbd2 c5 7. e3 (7. dxc5
Nxc5 8. Qc3 Nf6 9. b4 Bg7 10. Qa3 Nce4 11. Bb2 $13 {Lautier,J-Adams,M Manila
izt 1990 CBM/19 49/67}) 7... Qa5 8. Bg2 Bxf3 9. Bxf3 Bg7 10. Qd3 Ngf6 11. O-O
O-O 12. Bg2 b5 13. b3 bxc4 14. Nxc4 Qb5 15. Rd1 Rfc8 16. Bf1 d5 17. Ne5 Qxd3
18. Bxd3 Nxe5 19. dxe5 Nd7 20. f4 e6 21. e4 c4 22. Bc2 Nb6 23. exd5 exd5 24.
Be3 Rd8 25. bxc4 dxc4 26. a4 $1 c3 27. Bb3 Bf8 28. Rxd8 Rxd8 29. a5 Nc8 30. Ra4
Ne7 31. Bxa7 Nc6 32. Bb6 Rb8 33. Bc2 Nb4 34. Be4 Rc8 35. a6 c2 36. Bxc2 Nxc2
37. a7 Ra8 38. Rc4 Nb4 39. Kg2 Nd5 40. Bf2 Be7 41. Kf3 Bd8 42. Rd4 Ne7 43. Rb4
Nc6 44. Rb7 Ba5 45. Ke4 Rd8 46. Bc5 h5 47. Rd7 Ra8 48. Kd5 Nxa7 49. Bxa7 Rd8
50. Rxd8+ Bxd8 51. Kd6 Ba5 52. Ke7 Bb4+ 53. Kd7 Bd2 54. Bc5 h4 55. Be7 hxg3 56.
hxg3 Be3 57. Ke8 Bf2 58. g4 Bg3 59. Bg5 Kg7 60. Ke7 Bh2 61. Kd6 Bg3 62. Ke7 Bh2
63. Bf6+ Kg8 64. f5 gxf5 65. gxf5 Bg1 66. e6 fxe6 67. fxe6 1-0

[Event "Chigorin Memorial 07th"]
[Site "St Petersburg"]
[Date "1999.11.06"]
[Round "5"]
[White "Malaniuk, Vladimir P"]
[Black "Ivanov, Vladimir Ivanovich"]
[Result "1-0"]
[WhiteElo "2525"]
[BlackElo "2411"]
[Annotator "Ribli,Z"]
[PlyCount "94"]
[EventDate "1999.11.02"]
[EventType "swiss"]
[EventRounds "9"]
[EventCountry "RUS"]
[SourceTitle "CBM 074"]
[Source "ChessBase"]
[SourceDate "2000.02.01"]
[SourceVersion "1"]
[SourceVersionDate "2000.02.01"]
[SourceQuality "1"]

{[%mdl 36]} 1. d4 d6 2. Nf3 Bg4 3. e4 Nf6 4. Nc3 e6 {Diese ganze Variante ist
populär in der letzten Zeit. Schwarz folgt einer einfachen Strategie - er
entwickelt zuerst seinen weißfarbigen Läufer und möchte eine massive
Zentrumstellung mit e6-c6-d5 erreichen.} 5. Be2 {Eine genügsame Fortsetzung -
5.h3 Bh5 6.Qe2 scheint gefährlicher für Schwarz zu sein.} Be7 6. d5 {Mit
diesem Zug bekommt Weiss etwas Raumvorteil bei symmetrischer Bauernstellung.}
exd5 7. exd5 O-O (7... Bxf3 $6 {Schwarz gibt den Läufer von selbst - das ist
nicht logisch.} 8. Bxf3 O-O 9. O-O Nbd7 10. g3 Re8 11. a4 a5 12. Nb5 Nc5 13. c3
Nfd7 14. Re1 Ne5 15. Be2 Bf6 16. Be3 Ned7 17. Bf1 Re7 18. Bg2 Rb8 19. Qc2 Ne5
20. Rad1 Nc4 21. Bd4 {1-0 Filippov,V-Jacimovic,D/Elista 1998/CBM 66 ext (45)})
8. O-O (8. Be3 Nbd7 9. Qd2 a6 10. O-O-O Bxf3 11. Bxf3 Nb6 12. Be2 c6 13. dxc6
bxc6 14. Bd4 d5 15. Qe3 Rb8 16. Bxa6 Re8 17. Rhe1 Nbd7 18. Qg3 c5 19. Bxf6 Nxf6
20. Bb5 Rf8 21. a4 d4 22. Ne4 Nd5 {0-1 Miralles,G-Seret,J/FRA 1991/TD (39)}) (
8. Nd4 Bxe2 9. Qxe2 Re8 10. Be3 Nbd7 11. O-O-O Bf8 12. g4 Ne4 13. Nxe4 Rxe4 14.
f3 Re8 15. Rhe1 a6 {0-1 Petkov,V-Zahariev,Z/Bankia 1991/EXT 98 (35)}) 8... Re8
9. h3 $5 {Weiss befragt den Läufer - 9...Bh5 oder 9...Bxf3.} (9. Re1 Nbd7 10.
Bg5 Bxf3 11. Bxf3 Ne5 12. Be3 Nfd7 13. Be2 Bg5 14. Bd4 Ng6 15. Bf1 Rxe1 16.
Qxe1 Bf6 17. Rd1 a6 18. Ne4 Be5 {1/2-1/2 Kortschnoj,V-Miles,A/Wijk aan Zee
1987/CBM 02 (18)}) 9... Bxf3 $6 (9... Bh5 {Nach meiner Meinung hat Schwarz
bessere Ausgleichchancen mit dem Läuferpaar auf dem Brett.}) 10. Bxf3 $14 {
[%csl Gc1,Gd5,Gf3] Weiss hat einen kleinen aber dauerhaften Positionsvorteil -
das Läuferpaar (besonders der f3B) ist noch nicht aktiv, wird aber früher oder
später seine Kraft zeigen und wegen des d5P hat Weiss fühlbaren Raumvorteil.}
Nbd7 {[%cal Gd7e5,Ge5f3]} 11. g3 $5 {Schwarz möchte eventuell 11...Ne5 spielen,
deshalb bereitet Weiss einen sicheren Platz für den Läufer vor.} Nc5 12. a4 {
[%cal Ga4a5] Weiss möchte 13.a5 ziehen und provoziert den Zug 12...a5, wonach
Schwarz Schwächen am Damenflüge bekommtl.} a5 13. Bg2 Nfd7 {[%cal Ge7f6,Gf6a1,
Gd7b6,Gb6a4]} 14. Re1 {[%cal Ge1e8]} Bf6 15. Bd2 Ne5 $6 {[%cal Ge5c4,Gc4b2,
Gc4d2] Der Springer steht nur scheinbar aktiv auf e5, früher oder später muss
er nach f2-f4 weggehen.} (15... Nb6 $142 16. b3 $14) 16. b3 Qd7 17. Nb5 $1 {
[%csl Gb5,Gd2,Gd5,Gg2]} b6 $6 {[%csl Yc6] Dieser Zug ist zu passiv - Schwarz
verteidigt den a5P im Voraus, aber hat nie mehr die Chancen für etwas
Gegenspiel und schwächt freiwillig den c6-Punkt.} (17... c6 18. Nc3 $14 (18.
dxc6 bxc6 19. Nd4 d5 $11)) 18. Bc3 $1 {[%csl Re5,Rf6] Nach diesem Zug hat
Schwarz Probleme - es droht 19.f4 und er kann nur warten.} (18. Nd4 $2 Ned3 $1
19. Rxe8+ Rxe8 20. c3 (20. Bc3 Bxd4 21. Bxd4 Re1+ 22. Qxe1 Nxe1 23. Rxe1 $15)
20... Bxd4 21. cxd4 Ne4 $132) 18... Re7 19. f4 Ng6 20. Bxf6 gxf6 {[%csl Rf6,
Rf7] Schwarz hat strukturelle Schwächen am Königsflügel und keinen Gegenspiel.}
21. Rxe7 (21. Qd2 $14) 21... Qxe7 22. Qe1 Re8 (22... Qxe1+ 23. Rxe1 Rc8 24. h4
$16 {[%csl Rc7,Rc8,Rg6][%cal Rg2h3,Rh3c8,Rh4h5,Rh5g6]}) 23. Qxe7 Rxe7 24. Kf2 {
[%csl Gf2] Der weiße König verteidigt die möglichen Eindringungsfelder auf der
e-Linie.} Kf8 25. h4 $1 {[%cal Rh4h5,Rg2h3] Endlich möchte Weiss den bis jetzt
etwas passiven Läufer verbessern und es droht gleichzeitig 26.h5.} Ke8 26. h5
Nf8 27. Rd1 Kd8 {Schwarz verteidigt den c7P und möchte mit Nd7-b8 fortfahren,
aber es ist zu spät.} 28. Na7 $16 {[%csl Yc6,Rd8,Re7][%cal Ra7c6,Rc6d8,Rc6e7]}
Re8 29. Bh3 {[%cal Gh3c8,Ra7c6,Rc6d8] Droht einzügiges Matt auf c6.} Nfd7 30.
h6 $1 {[%csl Rh7] Weiss befestigt den Bauern auf h7, welcher mit Bf5 immer
angreifbar ist.} Nb8 31. Bf5 Nca6 32. Kf3 (32. Bxh7 Rh8 $14 {[%csl Rh6,Rh7]
[%cal Rh8h6]}) 32... Nb4 33. Nb5 (33. c3 $16) 33... Rh8 (33... N8a6 $2 34. c3 {
[%csl Rb4]}) 34. c3 N4a6 35. Nd4 {[%csl Gd4,Gf5]} Re8 (35... Nc5 36. Re1 $16)
36. Rh1 {[%csl Rh7][%cal Rf5h7] Jetzt hängt h7.} Rh8 37. Re1 Rf8 (37... Nc5 38.
Bc2 $16 {[%cal Rb3b4,Rb4c5]}) 38. Bc2 Nc5 39. Kg4 {Weiss muss sich nicht
beeilen - sein Positionsvorteil ist so groß, dass er mit neutralen Königszügen
warten kann, da es für Schwarz schwer ist seine Stellung zu verbessern.} Rh8
40. Kh4 Ncd7 41. Kh3 Nf8 42. b4 {Endlich führt Weiss den entscheidenden Sturm
aus. Es droht 43.bxa5 bxa5 44.Nb3.} axb4 43. cxb4 Ng6 44. Bd3 {[%cal Ra4a5,
Ra5a6]} Re8 45. Rxe8+ Kxe8 46. a5 $18 {Der a-Freibauer entscheidet die Partie
- Schwarz muss für ihn den Springer geben.} bxa5 47. bxa5 Nd7 {Und Schwarz gab
gleichzeitig in verlorener Stellung auf.} (47... Nd7 48. a6 Nb6 49. a7 Kd8 50.
Ba6 $18 {[%cal Ra6b7,Ra7a8]}) 1-0

[Event "SVK-CRO"]
[Site "Piestany"]
[Date "1996.??.??"]
[Round "?"]
[White "Ftacnik, Lubomir"]
[Black "Kozul, Zdenko"]
[Result "1-0"]
[WhiteElo "2585"]
[BlackElo "2580"]
[Annotator "Ribli,Z"]
[PlyCount "73"]
[EventDate "1996.??.??"]
[EventType "team"]
[EventRounds "2"]
[EventCountry "SVK"]
[SourceTitle "CBM 053"]
[Source "ChessBase"]
[SourceDate "1996.08.01"]
[SourceVersion "1"]
[SourceVersionDate "1996.08.01"]
[SourceQuality "1"]

1. c4 g6 2. Nc3 Bg7 3. d4 d6 4. Nf3 Bg4 5. e3 Nc6 6. Qb3 $1 {[#] Eine starke
und logische Neurung, welche die ganze schwarze Aufstellung in Frage stellt.}
Bxf3 7. gxf3 Qc8 8. f4 {Das starke weisse Bauernzentrum und das Laueferpaar
garantiert den weissen Vorteil.} Nh6 9. Bd2 O-O 10. d5 Nb8 (10... Na5 $2 11.
Qa4 b6 12. b4 $14) 11. h4 $1 {[#] Dieser Zug hat zwei Sinne: 1.Droht /\ h5 mit
Angriff. 2.Der weisse Laeufer wird die h3-c8 Diagonale besetzen.} Nd7 12. Bh3
c6 $6 (12... f5 $5) 13. h5 $1 f5 14. hxg6 hxg6 15. Ke2 $1 {[#] Sehr selten
komm vor, dass der Koenig in der Mitte am besten steht. Weiss will das
Zusammmenspiel zwischen beiden Tuermen garantieren.} Nc5 16. Qc2 a5 {Schwarz
will b4 verhindern.} 17. Rag1 {>< g6} Qe8 18. Rg2 e6 (18... e5 19. Rhg1 Rf6 20.
fxe5 dxe5 21. e4 $14 {/\ Bxh6 oder Be3}) 19. Rhg1 Rf6 {/\ cxd5, b5} 20. dxc6
bxc6 $8 21. Na4 $1 {Der Anziehende will die bestplazierte schwarze Figur
abtauschen.} Nxa4 (21... Ne4 $2 22. Be1 $1 $16 {Droht /\ f3}) 22. Qxa4 e5 23.
c5 $1 e4 (23... exf4 24. Qxf4 dxc5 25. Bc3 $16) 24. Qb3+ (24. Bc3 Re6 25. Bxg7
Kxg7 26. Qd4+ Kf7 (26... Kh7 27. Bxf5 $1 dxc5 28. Qc3 Nxf5 29. Rh1+ Nh6 30.
Rxh6+ Kxh6 31. Rh2#) 27. cxd6 Rd8 28. Rd1 Qd7 29. Rgg1 Rxd6 30. Qxd6 Qxd6 31.
Rxd6 Rxd6 32. Rc1 $14) 24... d5 25. Bc3 Rb8 {Jetzt verliert Schwarz
spektakulaer. Allerdings faellt es nicht leicht, dem Nachziehenden einen guten
Rat zu geben.} (25... Re6 26. Bxg7 Kxg7 27. Qb7+ Kh8 28. Rxg6 Rxg6 29. Rxg6
Qxg6 30. Qxa8+ Kg7 31. Qb7+ Nf7 32. Ke1 $16) 26. Bxf6 $1 {[#]} Bxf6 (26... Rxb3
27. Rxg6 Rb7 28. Rxh6 Qb8 29. Kd1 Rf7 30. Bxf5 Qb5 31. Rxg7+ Rxg7 32. Be6+ Kf8
33. Rh8+ $18) 27. Rxg6+ Kh7 28. Qd1 $1 {Der weisse Dame schaut nach h5.} Rxb2+
29. Kf1 Qxg6 (29... Qb8 30. Bxf5 $1 Rb1 31. Rg7+ Kh8 32. Rh7#) 30. Rxg6 Kxg6 {
[#]} 31. Bxf5+ $1 {Dieser starke Zug zerstoert die schwarze Traume, die Partie
zu retten.} Kxf5 (31... Nxf5 32. Qg4+ Kf7 33. Qxf5 Rxa2 34. Qd7+ $18) 32. Qh5+
Ke6 33. Qxh6 Rxa2 34. Qh7 Ra1+ 35. Kg2 d4 36. f5+ Ke5 (36... Kd5 37. Qf7+ $18)
37. Qd7 {Weiss spielte sehr kraftvoll die ganze Partie. Ribli} 1-0

[Event "Maribor Pirc Memorial"]
[Site "Maribor"]
[Date "1994.??.??"]
[Round "8"]
[White "Jelen, Iztok"]
[Black "Cebalo, Miso"]
[Result "1-0"]
[WhiteElo "2385"]
[BlackElo "2520"]
[Annotator "Ribli,Z"]
[PlyCount "93"]
[EventDate "1994.02.??"]
[EventType "tourn"]
[EventRounds "11"]
[EventCountry "SLO"]
[EventCategory "9"]
[SourceTitle "CBM 040"]
[Source "ChessBase"]
[SourceDate "1994.06.01"]
[SourceVersion "1"]
[SourceVersionDate "1994.06.01"]
[SourceQuality "1"]

1. d4 d6 2. Nf3 Bg4 3. c4 Nd7 4. Qb3 Rb8 5. h3 Bxf3 6. Qxf3 Ngf6 $6 (6... g6 $5
{Miles,A-Adams,M/Tilburg/1993/CBM39/}) 7. Nc3 g6 8. e3 Bg7 9. Bd3 O-O 10. O-O
e5 11. d5 Nc5 12. Bc2 a5 13. e4 c6 14. a3 cxd5 15. cxd5 b5 16. b4 Na6 17. Rb1 (
17. Bd3 axb4 18. axb4 Nxb4 19. Bxb5 Nc2 20. Rb1 Nd4 $13) 17... axb4 18. axb4
Nh5 19. Bd3 Qd7 20. Qg4 $1 Qe8 (20... Qxg4 $2 21. hxg4 Nf4 22. Bxb5 $18) 21.
Ne2 (21. g3 $5 $14) 21... Rc8 (21... f5 $2 22. exf5 Nf6 23. Qg5 $16) 22. Qf3 (
22. Bd2 $2 f5 23. exf5 Nf6 24. Qg5 e4 $19) 22... Nf6 23. Rb3 (23. Bd2 $5 Qd7
24. Nc3 $14) 23... Qd7 24. Bd2 Ne8 25. Nc3 Nec7 26. Qe2 Rb8 27. Ra1 f5 28. f3
fxe4 29. fxe4 Bf6 30. Be3 $1 Bh4 31. Rxa6 $1 Nxa6 32. Bxb5 Rxb5 33. Qxb5 Qf7 (
33... Qxb5 34. Nxb5 Rb8 35. Nxd6 Rxb4 36. Ra3 Bg3 37. Kf1 $18) 34. Qe2 $1 (34.
Qxa6 $2 Bf2+ 35. Bxf2 Qxf2+ 36. Kh1 Qe1+ 37. Kh2 Rf1 $19) 34... Qb7 35. Qg4 $1
Be1 36. Qe6+ Qf7 (36... Kg7 37. Qxd6 $18) 37. Qxf7+ Kxf7 38. b5 Nc5 39. Bxc5 $1
dxc5 40. Kf1 Bh4 (40... c4 41. Ra3 Bxc3 42. Rxc3 Rb8 43. Rxc4 Rxb5 44. Rc7+ Kf6
45. Rxh7 Rb4 46. Rh4 $18) 41. b6 Ke7+ 42. Ke2 c4 43. Rb4 Rc8 44. Nb5 Kd7 (44...
c3 45. b7 $18) 45. Na7 Be7 46. b7 Rb8 47. Rb5 (47. Nc6 Bxb4 48. Nxb8+ Kc7 49.
Na6+ $18) 1-0